MARC details
| 000 -LEADER |
| fixed length control field |
00977nam a2200277 4500 |
| 003 - CONTROL NUMBER IDENTIFIER |
| control field |
LK-CoMWRAF |
| 005 - DATE AND TIME OF LATEST TRANSACTION |
| control field |
20231206101425.0 |
| 008 - FIXED-LENGTH DATA ELEMENTS--GENERAL INFORMATION |
| fixed length control field |
231122b2007 |||||||| |||| 00| 0 eng d |
| 020 ## - INTERNATIONAL STANDARD BOOK NUMBER |
| International Standard Book Number |
9789068326420 |
| 040 ## - CATALOGING SOURCE |
| Original cataloging agency |
LK-CoMWRAF |
| Modifying agency |
LK-CoMWRAF |
| Description conventions |
LK-CoMWRAF |
| 041 ## - LANGUAGE CODE |
| Language code of text/sound track or separate title |
English |
| 082 ## - DEWEY DECIMAL CLASSIFICATION NUMBER |
| Classification number |
630.606 |
| Item number |
ACC |
| 942 ## - ADDED ENTRY ELEMENTS (KOHA) |
| Koha item type |
Books |
| 700 ## - ADDED ENTRY--PERSONAL NAME |
| Personal name |
Wennink, Bertus |
| Relator Term |
editor |
| 700 ## - ADDED ENTRY--PERSONAL NAME |
| Personal name |
Nederlof, E. Suzanne |
| Relator Term |
editor |
| 700 ## - ADDED ENTRY--PERSONAL NAME |
| Personal name |
Heemskerk, W. |
| Relator Term |
editor |
| 245 ## - TITLE STATEMENT |
| Title |
Access of the poor to agricultural services: |
| Remainder of title |
the role of farmers' organizations in social inclusion |
| 260 ## - PUBLICATION, DISTRIBUTION, ETC. (IMPRINT) |
| Place of publication, distribution, etc. |
Amsterdam : |
| Name of publisher, distributor, etc. |
KIT Publishers, |
| Date of publication, distribution, etc. |
2007. |
| 300 ## - PHYSICAL DESCRIPTION |
| Extent |
157 p. : ill. ; 24 cm. |
| 490 ## - SERIES STATEMENT |
| Series statement |
Development policy & practice |
| Volume/sequential designation |
Bulletin 376 |
| 650 ## - SUBJECT ADDED ENTRY--TOPICAL TERM |
| Topical term or geographic name as entry element |
Agriculture--Africa--Societies, -Case studies |
| 650 ## - SUBJECT ADDED ENTRY--TOPICAL TERM |
| Topical term or geographic name as entry element |
Rural development--Africa--Societies, -Case studies |
| 650 ## - SUBJECT ADDED ENTRY--TOPICAL TERM |
| Topical term or geographic name as entry element |
Farmers--Africa--Economic conditions |
| 650 ## - SUBJECT ADDED ENTRY--TOPICAL TERM |
| Topical term or geographic name as entry element |
Farmers--Africa--Social conditions. |
| 650 ## - SUBJECT ADDED ENTRY--TOPICAL TERM |
| Topical term or geographic name as entry element |
Agricultural services--Africa. |